František Kráľ

Bibliographic Details
Format: Article
Language:Slovak
Subjects:

MARC

LEADER 00000nab a2200000 a 4500
001 vtls000032982
003 SK-MaSNL
005 20260304062144.0
008 250422c1979 xo 0 slo
015 |a SNBRB19rr/mm-uuuuu 
035 |a CL0043076 
035 |a urn:nbn:sk:snk-abxw 
035 |a (urnnbn)urn:nbn:sk:snk:ar-0054dh 
035 |a (uuid)d903b430-a28b-41ba-bf2e-0c5311ead056 
040 |a SNKBUCL  |b slo  |c SNKBUCL  |e AACR2 
041 0 |a slo 
044 |a xo  |c SK 
080 |a 75  |2 1981 
080 |a 92 Kráľ, František  |2 1981 
245 0 0 |a František Kráľ 
600 1 7 |a Kráľ, Fero,  |d 1919-2008  |2 snkbucl  |9 159320 
655 7 |a články z novín a časopisov  |2 snkbucl  |9 267496 
773 0 |t Výtvarný život  |g Roč. 24, č. 4 (1979), s. 34 
850 |a Slovenská národná knižnica 
852 |a Slovenská národná knižnica 
954 |a odborná, vedecká literatúra pôvodná (slovenská)  |2 lita 
958 |a article27 
958 |a RK 
958 |a OND 
958 |a EUIPO 
992 |a RBX 
999 |c 2736751  |d 2738681